000 00746nam a2200241Ia 4500
003 OSt
005 20220926022349.0
006 a|||||r|||| 00| 0
007 ta
008 220923b |||||||| |||| 00| 0 eng d
037 _cGeneral Book
040 _aRTL
_cRTL
_beng
041 _2eng
_aeng
082 _aU45:(G:55), N7
110 _aUnited Nations Economic and Social Affaris (Deptt of-)
_9327727
245 0 _aGovernment views on therelationships between popul
260 _aNew York
_bUnited Nations U S A
_c1997
300 _a78p.
_ccm.
650 _aRural Geography
700 _aUnited Nations Economic and Social Affaris (Deptt of-)
_9327728
942 _hU45:(G:55), N7
_cGB
_2CC
999 _c639310
_d639310